000 00919nam a22002177a 4500
999 _c3091
_d3091
003 AR-CdUCM
008 190305b ||||| |||| 00| 0 spa d
040 _aMUNICIPALIDAD PROVINCIAL DEL CUSCO
_cBIBLIOTECA MUNICIPAL DEL CUSCO
082 _a333.09 /
_bSA194
100 _aSánchez Enríquez, Rodrigo
_910469
245 _aToma de tierras y conciencia política campesina :
_blas lecciones de Andahuaylas /
260 _aLima :
_b Instituto de Estudios Peruanos,
_c1981.
300 _a243 paginas ;
_bMapas,
_c21 cm.
440 _aEstudios de la sociedad rural
_n8
_910470
505 _aEl movimiento de protesta -- La provincia de Andahuaylas -- Crisis en la gran propiedad -- Sistema de hacienda en Andarapa -- Desarrollo político en el campo -- Toma de tierras...
650 _aAgricultura y Estado
_94586
650 _aReforma agraria
_91861
650 _aCampesinos
_94401
942 _2ddc
_cLIBROS
945 _awnts